LEADER 01226nam0 2200385 450 001 990002829950203316 005 20061027145317.0 010 $a88-324-3286-2 035 $a000282995 035 $aUSA01000282995 035 $a(ALEPH)000282995USA01 035 $a000282995 100 $a20061027d1998----km-y0itay0103----ba 101 $aita 102 $aIT 105 $a||||||||001yy 200 1 $aCodice di procedura penale$ee leggi complementari$egiurisprudenza, schema e tabelle$fa cura di Aurelio Barazzetta e Renato Bricchetti 210 $aMilano$cIl sole 24 ore$dcopyr. 1998 215 $aXXXV, 1014 p.$d23 cm 225 2 $a<> codici di guida al diritto il Sole 24 ore 410 0$12001$a<> codici di guida al diritto il Sole 24 ore 606 0 $aCodice di procedura penale 676 $a345.450502638 702 1$aBARAZZETTA,$bAurelio 702 1$aBRICCHETTI,$bRenato 710 02$aITALIA$0423419 801 0$aIT$bsalbc$gISBD 912 $a990002829950203316 951 $aST D$b1559 DDPG$cST D 959 $aBK 969 $aDDPG 979 $aDDPG2$b90$c20061027$lUSA01$h1453 979 $aCHIARA$b90$c20110519$lUSA01$h1423 996 $aCodice di procedura penale$9200118 997 $aUNISA LEADER 03021nam 2200745Ia 450 001 9910462161703321 005 20200520144314.0 010 $a0-8047-8205-9 024 7 $a10.1515/9780804782050 035 $a(CKB)2670000000186454 035 $a(EBL)879036 035 $a(OCoLC)782880129 035 $a(SSID)ssj0000678875 035 $a(PQKBManifestationID)12220354 035 $a(PQKBTitleCode)TC0000678875 035 $a(PQKBWorkID)10745552 035 $a(PQKB)10474888 035 $a(SSID)ssj0000658252 035 $a(PQKBManifestationID)11399190 035 $a(PQKBTitleCode)TC0000658252 035 $a(PQKBWorkID)10691669 035 $a(PQKB)11703576 035 $a(OCoLC)794488130 035 $a(MiAaPQ)EBC879036 035 $a(DE-B1597)564403 035 $a(DE-B1597)9780804782050 035 $a(Au-PeEL)EBL879036 035 $a(CaPaEBR)ebr10546502 035 $a(OCoLC)1198930586 035 $a(EXLCZ)992670000000186454 100 $a20140723d2012 uy 0 101 0 $aeng 135 $aur|n|---||||| 181 $ctxt 182 $cc 183 $acr 200 10$aRace decoded$b[electronic resource] $ethe genomic fight for social justice /$fCatherine Bliss 210 $aStanford, California $cStanford University Press$d2012 215 $a1 online resource (281 p.) 300 $aDescription based upon print version of record. 311 $a0-8047-7407-2 311 $a0-8047-7408-0 320 $aIncludes bibliographical references and index. 327 $aContents; Acknowledgments; Introduction; 1. The New Science of Race; 2. Making Science Racial; 3. The Sociogenomic Paradigm; 4. Making Sense of Race with Values; 5. Everyday Race-Positive; 6. Activism and Expertise; 7. The Enduring Trouble with Race; Notes; Index 330 $aIn 2000, with the success of the Human Genome Project, scientists declared the death of race in biology and medicine. But within five years, many of these same scientists had reversed course and embarked upon a new hunt for the biological meaning of race. Drawing on personal interviews and life stories, Race Decoded takes us into the world of elite genome scientists-including Francis Collins, director of the NIH; Craig Venter, the first person to create a synthetic genome; and Spencer Wells, National Geographic Society explorer-in-residence, among others-to show how and why they ar 606 $aRace 606 $aHuman genome 606 $aGenomics$xSocial aspects 606 $aGenomics$xMoral and ethical aspects 606 $aSocial justice 608 $aElectronic books. 615 0$aRace. 615 0$aHuman genome. 615 0$aGenomics$xSocial aspects. 615 0$aGenomics$xMoral and ethical aspects. 615 0$aSocial justice. 676 $a572.8/6 700 $aBliss$b Catherine$01054988 801 0$bMiAaPQ 801 1$bMiAaPQ 801 2$bMiAaPQ 906 $aBOOK 912 $a9910462161703321 996 $aRace decoded$92488040 997 $aUNINA